| 000 | 00650nam a2200181 a 4500 | ||
|---|---|---|---|
| 001 | 000049224 | ||
| 005 | 20201002061742.0 | ||
| 008 | 190730s2002 dr 000 0 spa d | ||
| 040 |
_aDO-SdBNP _bspa _cBNPHU |
||
| 082 |
_axx _bxx |
||
| 245 | 0 |
_aGualey : _bCaracterísticas socio-económicas y demográficas / _ccoordinación Julio César Santana, J. Ayala. |
|
| 260 |
_aSanto Domingo, República Dominicana : _bCiudad Alternativa, _c2002. |
||
| 300 |
_a64 p. ; _c26 cm. |
||
| 590 | _aInventariado, 2019/VM | ||
| 700 | 1 |
_aSantana, Julio César Santana, _976526 |
|
| 700 | 1 |
_aAyala, J. _976527 |
|
| 710 | 1 |
_aCidad Alternativa (República Dominicana) _976528 |
|
| 999 |
_c48712 _d48712 |
||